000 00734 a2200193 4500
010 _aENG-89667
020 _a0415467346
_c475.00
035 _aEN-73200
037 _bDBAD / PUB
082 1 4 _a305.4
245 1 _cedited by Aparna Basu and Malavika Karlekar
_aIn so many words:
_bwomen's life experiences from western and eastern India/
260 _aNew Delhi
_bRoutledge
_c2008
270 _a912, Tolstoy House, 15-17 Tolstoy Marg
_bNew Delhi
_e110 001
300 _axvii, 129p.:
_c24 cm (pbk)
_bb&w photos
700 1 _aBasu, Aparna
_930766
700 1 _aKarlekar, Malavika
_930767
942 _adpl
_cEN
_k305.4 / INS
_2ddc
999 _c11122
_d11122